|
|
|
|
| LEADER |
01367nam a22002897a 4500 |
| 001 |
41921 |
| 003 |
BD-DhAAL |
| 005 |
20231026125230.0 |
| 008 |
231026t2021 uk a|||| |||| 001 0 eng d |
| 020 |
|
|
|a 9781800565791
|
| 040 |
|
|
|a BD-DhAAL
|d BD-DhAAL
|
| 082 |
|
|
|a 006.3
|2 22
|
| 100 |
|
|
|a Rothman, Denis.
|9 55756
|
| 245 |
|
|
|a Transformers for natural language processing :
|b build innovative deep neural network architectures for NLP with Python, Pytorch, TensorFlow, BERT, RoBERTa, and more /
|c Denis Rothman.
|
| 260 |
|
|
|a Birmingham :
|b Packt Publishing,
|c 2021.
|
| 300 |
|
|
|a xvi, 340 pages :
|b illustrations ;
|c 23 cm.
|
| 500 |
|
|
|a Includes index.
|
| 526 |
|
|
|a CSE
|
| 541 |
|
|
|a Book Finder International
|e 41921, 41922
|
| 650 |
|
|
|a Natural language processing (Computer science).
|
| 650 |
|
|
|a Artificial intelligence.
|
| 650 |
|
|
|a Computer science.
|
| 650 |
|
|
|a Electronic transformers.
|9 55757
|
| 942 |
|
|
|2 ddc
|c BK
|
| 999 |
|
|
|c 44564
|d 44564
|
| 952 |
|
|
|0 0
|1 0
|2 ddc
|4 0
|6 006_300000000000000_ROT
|7 0
|9 74646
|a BRACUL
|b BRACUL
|c GEN
|d 2023-10-17
|e Book Finder International
|g 4020.01
|l 5
|m 23
|o 006.3 ROT
|p 3010041922
|r 2026-02-18
|s 2026-01-03
|t 2
|v 4020.01
|w 2023-10-17
|y BK
|
| 952 |
|
|
|0 0
|1 0
|2 ddc
|4 0
|6 006_300000000000000_ROT
|7 0
|9 74647
|a BRACUL
|b BRACUL
|c GEN
|d 2023-10-17
|e Book Finder International
|g 4020.01
|l 4
|m 63
|o 006.3 ROT
|p 3010041921
|r 2026-02-22
|s 2025-08-27
|t 1
|v 4020.01
|w 2023-10-17
|y BK
|